Countries I Want to Visit Most - Statistics

General Stats
  • This quiz has been taken 25 times
  • The average score is 15 of 20
Answer Stats
Rank Country % Correct
16 France
100%
4 Italy
100%
3 United Kingdom
100%
1 Australia
92%
14 Brazil
92%
7 Germany
83%
15 Greece
83%
2 Japan
75%
5 New Zealand
75%
13 Sweden
75%
11 Argentina
67%
8 Chile
67%
10 Iceland
67%
12 Norway
67%
19 Peru
67%
17 South Africa
67%
9 Switzerland
67%
20 Thailand
67%
18 Austria
58%
6 Netherlands
58%
No matching quizzes found
Score Distribution
Percent of People with Each Score
Percentile by Number Answered
Your Score History
You have not taken this quiz